Statistics for Size Quiz of Time

Click here to take the quiz!

General Stats

  • This quiz has been taken 15 times
  • The average score is 10 of 12

Answer Stats

No.Answer% Correct
7.Day
100%
6.Hour
100%
5.Minute
100%
9.Month
100%
4.Second
100%
8.Week
100%
10.Year
100%
12.Century
92%
11.Decade
92%
1.Nanosecond
67%
3.Milisecond
50%
2.Microsecond
42%

Score Distribution

Percentile by Number Answered

Percent of People with Each Score

Your Score History

You have not taken this quiz